Ο εορτασμός της 91ης επετείου : της ενώσεως της Επτανήσου μετά της μητρός Ελλάδος (21 Μαίου 1955)
Αποθηκεύτηκε σε:
| Συγγραφή απο Οργανισμό/Αρχή: | |
|---|---|
| Μορφή: | Βιβλίο |
| Γλώσσα: | Greek |
| Δημοσίευση: |
Ενωση των Απανταχού Ιθακησίων,
1956
|
| Θέματα: | |
| Ετικέτες: |
Προσθήκη ετικέτας
Δεν υπάρχουν, Καταχωρήστε ετικέτα πρώτοι!
|
MARC
| LEADER | 00000cam a2200000 i 4500 | ||
|---|---|---|---|
| 001 | 1/102686 | ||
| 008 | 950509s1956 gre d | ||
| 035 | |l 10012603 | ||
| 040 | |a GR-MY-UA |b gre |e aacr | ||
| 041 | 0 | |a gre | |
| 082 | 0 | |a 938.642 | |
| 245 | 1 | 2 | |a Ο εορτασμός της 91ης επετείου : |b της ενώσεως της Επτανήσου μετά της μητρός Ελλάδος (21 Μαίου 1955) |
| 260 | |b Ενωση των Απανταχού Ιθακησίων, |c 1956 | ||
| 300 | |a 70 σ. |b εικ. | ||
| 651 | 0 | |a Ionian Islands (Greece) |x History |y 1815-1864. | |
| 710 | 2 | |a Ενωση των Απανταχού Ιθακησίων. | |
| 852 | |a INST |b LESVOS |e 19950509 |h 938.642 ΕΟΡ |p 005100001174 |q 005100001174 |t BK |y 0 | ||
| 909 | |a Λ |b 023090 | ||
| 970 | |z 2000/05/ΟΙΚΟΝΟΜΟΠΟΥΛΟΥ ΧΡΙΣΤΙΝΑ | ||